Catalog

Record Details

Catalog Search



The betrayed #14 [Large Print] / Heather Graham.

Graham, Heather.(Author).

Available copies

  • 1 of 1 copy available at LARL/NWRL Consortium.

Current holds

0 current holds with 1 total copy.

Show Only Available Copies
Location Call Number / Copy Notes Barcode Shelving Location Status Due Date
Godel Memorial-Warren Library lp GRA (Text) 35500005465677 Main Available -

Record details

  • ISBN: 9781628994292 (library binding : alk. paper)
  • ISBN: 1628994290 (library binding : alk. paper)
  • Physical Description: pages ; cm
  • Edition: Center Point Large Print edition.
  • Publisher: Thorndike, Maine : Center Point Large Print, 2015.

Content descriptions

Summary, etc.:
"New York FBI agent Aiden Mahoney, a new member of ... Read More
Subject: Psychic ability > Fiction.
Mediums > Fiction.
Murder > Investigation > Fiction.
Large type books.
Genre: Paranormal fiction.
Romantic suspense fiction.
LDR 01836cam a22004578i 4500
001175512
003LARL_NWRL_CONSORTIUM
00520150206120830.0
008141118t20152014meu d 000 1 eng
020 . ‡a9781628994292 (library binding : alk. paper)
020 . ‡a1628994290 (library binding : alk. paper)
035 . ‡a(OCoLC)893898734
042 . ‡apcc
049 . ‡aNRGE
08200. ‡a813/.54 ‡223
1001 . ‡aGraham, Heather. ‡0(LARL_NWRL_CONSORTIUM)102735
24514. ‡aThe betrayed ‡n#14 ‡h[Large Print] / ‡cHeather Graham.
250 . ‡aCenter Point Large Print edition.
260 . ‡aThorndike, Maine : ‡bCenter Point Large Print, ‡c2015.
260 . ‡c©2014
300 . ‡apages ; cm
336 . ‡atext ‡btxt ‡2rdacontent
337 . ‡aunmediated ‡bn ‡2rdamedia
338 . ‡avolume ‡bnc ‡2rdacarrier
340 . ‡nlarge print ‡2rda
4900 . ‡aKrewe of hunters ; ‡v14
520 . ‡a"New York FBI agent Aiden Mahoney, a new member of the Krewe of Hunters, goes to Sleepy Hollow to investigate the disappearance of an old friend, Richard Highsmith. Mo Deauville and her dog find Richard's head on a statue of the legendary Headless Horseman. Together, they share their ability to communicate with the dead to find answers"-- ‡cProvided by publisher.
650 0. ‡aPsychic ability ‡vFiction. ‡0(LARL_NWRL_CONSORTIUM)166960
650 0. ‡aMediums ‡vFiction. ‡0(LARL_NWRL_CONSORTIUM)173288
650 0. ‡aMurder ‡xInvestigation ‡vFiction. ‡0(LARL_NWRL_CONSORTIUM)166203
650 0. ‡aLarge type books. ‡0(LARL_NWRL_CONSORTIUM)24284
655 0. ‡aParanormal fiction.
655 7. ‡aRomantic suspense fiction. ‡2gsafd
901 . ‡a175512 ‡bOCLC ‡c175512 ‡tbiblio

Additional Resources